| 000 | 00733nam a2200229Ia 4500 | ||
|---|---|---|---|
| 005 | 20251020182521.0 | ||
| 008 | 200515s9999 xx 000 0 und d | ||
| 082 | _a69/077/2 | ||
| 100 | _aOSHIRO HIGA, Fernando | ||
| 245 | 0 | _aLibro del constructor II | |
| 260 | _aLima | ||
| 260 | _c1980 | ||
| 500 | _a1 ejemplar | ||
| 520 | _aContribuye al fomento de construcción seguras, económicas y funcionales, desde la misma base de conocimiento de los materiales, hasta el proceso aplicación directa de las diferentes tecnologías de construcción | ||
| 650 | _aCIMENTACIONES | ||
| 650 | _aCONCRETO ARMADO | ||
| 650 | _aCONSTRUCCION | ||
| 650 | _aCONSTRUCCION ANTISISMICA | ||
| 650 | _aLIB | ||
| 650 | _aVIGAS | ||
| 942 | _cLIB | ||
| 999 |
_c1746 _d1746 |
||